00000000cas 2200000zi 4500
0019.932525
003CaOODSP
00520260317095858
006m     o  d f      
007cr cn ||||||||
008240116c20209999quctr p o    f0###b0fre d
022 |a2818-0143
040 |aCaOODSP|bfre|erda|cCaOODSP
043 |an-cn---
0861 |aAS2-2F-PDF
1101 |aCanada. |bNormes d'accessibilité Canada, |eauteur, |eorganisme de publication.
222 0|aRapport financier trimestriel pour le trimestre s'étant terminé le ... |b(Canada. Normes d'accessibilité Canada)
24510|aRapport financier trimestriel pour le trimestre s'étant terminé le ...
2461 |aRapport financier trimestriel pour le trimestre terminé le ...
264 1|a[Gatineau, Québec] : |bNormes d'accessibilité Canada, |c[2020]-
310 |aTrois fois par année
336 |atexte|btxt|2rdacontent/fre
337 |ainformatique|bc|2rdamedia/fre
338 |aressource en ligne|bcr|2rdacarrier/fre
3621 |aParaît depuis : 30 juin 2020.
500 |aPublié aussi en anglais sous le titre : Quarterly financial report for the quarter ended ...
588 |aDescription d'après : 30 juin 2020; titre de l'en-tête de la version HTML.
588 |aDernière livraison consultée : 30 juin 2024.
61016|aCanada. |bNormes d'accessibilité Canada|vPériodiques.
650 6|aFinances publiques|zCanada|vPériodiques.
655 7|aPériodiques|2rvmgf
77508|tQuarterly financial report for the quarter ended ...|w(CaOODSP)9.932524